000 00631nam a22002057a 4500
003 OSt
005 20161020142343.0
008 150131b xxu||||| |||| 00| 0 eng d
020 _a978-607-429-600-6
040 _cCRI
082 _a863.993
100 1 _930970
_aCoelho, Paulo
245 1 3 _aA orillas del río piedra me sente y llore
_cPaulo Coelho ; traducción, Alfonso Indecona.
260 _aMéxico D.F.
_bRadom House Mondadori
_c2009
300 _a232 p.
_c23 cm
595 _aTraducción de: O Alquimista
650 2 4 _930882
_aNovela brasileña
700 1 _940130
_aIndecona, Alfonso
942 _2ddc
_cBK
_hprozim
999 _c26313
_d26313